ARRUPE JESUIT UNIVERSITY

CORONAVIRUS -STOP THE SPREAD - CLEAN,DISINFECT,COVER

Religious beliefs and practices of bhils (Record no. 123858)

MARC details
000 -LEADER
fixed length control field 00547nam a22001577a 4500
008 - FIXED-LENGTH DATA ELEMENTS--GENERAL INFORMATION
fixed length control field 151208b xxu||||| |||| 00| 0 eng d
050 ## - LIBRARY OF CONGRESS CALL NUMBER
Classification number BL2020.B45.C559
100 ## - MAIN ENTRY--PERSONAL NAME
Personal name Chungath, Paul
9 (RLIN) 21270
245 ## - TITLE STATEMENT
Title Religious beliefs and practices of bhils
Remainder of title a study in new of missionary evangelization
Statement of responsibility, etc /by Chungath Paul
260 ## - PUBLICATION, DISTRIBUTION, ETC. (IMPRINT)
Place of publication, distribution, etc Romae
Name of publisher, distributor, etc Pontificia universitas urbaniana
Date of publication, distribution, etc 2009
300 ## - PHYSICAL DESCRIPTION
Extent 122p. ;
Dimensions 25cm.
500 ## - GENERAL NOTE
General note Thesis
650 ## - SUBJECT ADDED ENTRY--TOPICAL TERM
Topical term or geographic name as entry element Bhils (Indian people religion)
9 (RLIN) 21271
650 ## - SUBJECT ADDED ENTRY--TOPICAL TERM
Topical term or geographic name as entry element Missions , theory
9 (RLIN) 21272
942 ## - ADDED ENTRY ELEMENTS (KOHA)
Source of classification or shelving scheme Library of Congress Classification
Item type Monograph ( Printed materials)
Holdings
Withdrawn status Lost status Source of classification or shelving scheme Damaged status Not for loan Collection code Home library Current library Shelving location Date acquired Total Checkouts Full call number Barcode Date last seen Price effective from Koha item type
    Library of Congress Classification     Main Collection ARRUPE LIBRARY ARRUPE LIBRARY Main Collection 08/12/2015   BL2020.B45.C559 46500005851 01/08/2016 08/12/2015 Monograph ( Printed materials)

 

Arrupe Library. PO Box MP320 Mt Pleasant, Harare, Zimbabwe
263 242 745411|librarian@aju.ac.zw